La Unin̤ de Seguridad y Defensa el futuro ya est ̀aqu̕

Bibliographic Details
Format: eBook
Language:Spanish
Published: Madrid: Dykinson, 2021
Subjects:
Online Access:Acceso restringido

MARC

LEADER 00000nam a22000007a 4500
005 20210819224746.0
007 cr|||| ||||
008 210819s2021 eu |||||s|||| 00||0 spa d
020 |a 978-84-1377-483-1 
035 |a 35075 
040 |a vLex 
090 |c 12080  |d 12080 
245 0 2 |a La Unin̤ de Seguridad y Defensa  |h [Recurso electrn̤ico] :  |b el futuro ya est ̀aqu̕ 
256 |a Servicio en ln̕ea 
260 |a Madrid:  |b Dykinson,  |c 2021 
300 |a 1 recurso electrn̤ico 
506 1 |a Disponible solo en los productos indicados  |d vLex Global  |d vLex Global (Academic Edition, excluding Law Schools)  |d vLex Global (U.S. Academic Edition, Law Schools)  |d vLex Global (U.S. Academic Edition, excluding Law Schools)  |d vLex Global (Academic Edition, Law Schools) 
650 0 4 |a Derecho Internacional  |z Unin̤ Europea 
740 0 |a vLex Libros (Servicio en ln̕ea) 
856 4 0 |u https://app.vlex.com/#/sources/35075  |z Acceso restringido 
942 |c BOOK 
999 0 |a International right